تبسم (Record no. 170830)

MARC details
000 -LEADER
fixed length control field 00560nam a22001937a 4500
005 - DATE AND TIME OF LATEST TRANSACTION
control field 20191227104654.0
010 ## - LCCN (DPL NO)
LC control number A-276726
020 ## - INTERNATIONAL STANDARD BOOK NUMBER
Terms of availability 25.00
International Standard Book Number -
035 ## - SYSTEM CONTROL NUMBER
System control number A-276726
037 ## - SOURCE OF ACQUISITION
Source of stock number/acquisition BPPD
082 ## - DEWEY DECIMAL CLASSIFICATION NUMBER
Classification number 847
100 ## - MAIN ENTRY--PERSONAL NAME
Personal name ر ا م لعل نا بھو ی
245 ## - TITLE STATEMENT
Title تبسم
Statement of responsibility, etc ر ا م لعل نا بھو ی
246 ## - VARYING FORM OF TITLE
Title proper/short title Tabassum (Urdu)
Remainder of title by Rm Lal Nabhvi
260 ## - PUBLICATION, DISTRIBUTION, ETC. (IMPRINT)
Place of publication, distribution, etc Punjab
Date of publication, distribution, etc 1986 ء
Name of publisher, distributor, etc Rm Lal Nabhvi
270 ## - ADDRESS
Address Mohlla Deewan,Nabha,
City Punjab
Telephone number -
Postal code 147201
300 ## - PHYSICAL DESCRIPTION
Extent 140 ص
Dimensions 22 cm(hb)
942 ## - ADDED ENTRY ELEMENTS (KOHA)
Source of classification or shelving scheme Dewey Decimal Classification
Item type Urdu Bks
Classification part 847
Call number suffix ر ا م
Holdings
Withdrawn status Lost status Not for loan Collection code Home library Current library Date acquired Source of acquisition Cost, normal purchase price Full call number Barcode Copy number Cost, replacement price Koha item type
      Non-fiction Central Library Central Library 27/12/2019 BPPD/Ven. 25.00 847 ر ا م A-276726 1 25.00 Urdu Bks

© Delhi Public Library
Hit Counter
free hit counter